[Event "1st FIDE OWCCCC Pools-East 2021"]
[Site "Online"]
[Date "2021.02.20"]
[Round "4.78"]
[White "Vinay S"]
[Black "Torrado, Aythami"]
[Result "1-0"]
[WhiteElo "1057"]
[BlackElo "499"]
[Annotator "NA"]
[PlyCount "67"]
[EventDate "2021.02.19"]
[EventType "team-tourn"]
[EventCountry "NET"]
[SourceTitle "playchess.com"]
[Source "ChessBase"]
[SourceQuality "1"]

1. d4 e6 2. c4 Nc6 3. Nf3 Nf6 4. Bg5 Be7 5. e3 Rf8 6. Nbd2 d6 7. a3 h6 8. Bh4 a6 9. Bd3 Rh8 10. Qc2 g6 11. Bg3 b6 12. Nh4 Nd7 13. Nhf3 Bb7 14. Be4 f5 15. Bd3 Rg8 16. b4 Rf8 17. e4 fxe4 18. Bxe4 d5 19. Bxg6+ Rf7 20. cxd5 exd5 21. O-O Nf8 22. Bxf7+ Kxf7 23. Rac1 Ke8 24. Rfe1 a5 25. b5 Ne6 26. bxc6 Bxc6 27. Qxc6+ Kf8 28. Rxe6 Bxa3 29. Bxc7 Qh4 30. Nxh4 Bxc1 31. Qxa8+ Kf7 32. Qe8+ Kg7 33. Qg6+ Kh8 34. Re8# 1-0

[Event "1st FIDE OWCCCC Pools-East 2021"]
[Site "Online"]
[Date "2021.02.20"]
[Round "4.79"]
[White "Florez Rodriguez, Diego"]
[Black "Aryal, Mitra"]
[Result "0-1"]
[WhiteElo "2110"]
[BlackElo "276"]
[Annotator "TA"]
[PlyCount "152"]
[EventDate "2021.02.19"]
[EventType "team-tourn"]
[EventCountry "NET"]
[SourceTitle "playchess.com"]
[Source "ChessBase"]
[SourceQuality "1"]

1. e4 e5 2. Qh5 Nf6 3. Qxe5+ Be7 4. Qg3 O-O 5. d4 Nc6 6. f3 Nxd4 7. Qf2 c5 8. c3 Nc6 9. Nd2 b6 10. b3 Bb7 11. Nc4 a5 12. Qg3 Nh5 13. Qg4 b5 14. Ne3 b4 15. Nf5 bxc3 16. Bd2 cxd2+ 17. Kxd2 g6 18. Nxe7+ Qxe7 19. Bc4 Qe5 20. Re1 Nd4 21. f4 Qxf4+ 22. Qxf4 Nxf4 23. Rf1 g5 24. h4 Nxg2 25. Nh3 Nf4 26. Nxf4 gxf4 27. Rxf4 Nf3+ 28. Ke3 d5 29. Rf1 dxc4 30. R1xf3 c3 31. Kd3 Rad8+ 32. Kxc3 Rde8 33. Kb2 h5 34. Kc3 Bxe4 35. Rg3+ Kh8 36. Rg8+ Rxg8 37. Rxf7 Bg6 38. Rc7 Re3+ 39. Kc4 Bd3+ 40. Kxc5 Re5+ 41. Kd4 Re1 42. Kxd3 Rg4 43. Rc8+ Kh7 44. a3 Ree4 45. Rc7+ Kg6 46. Kc3 Re3+ 47. Kd2 Rgg3 48. Rc6+ Kf5 49. Kc2 Kg4 50. Rg6+ Kxh4 51. Rxg3 Rxg3 52. b4 Kg4 53. b5 h4 54. b6 Kf4 55. b7 Rg8 56. Kd3 h3 57. Ke2 h2 58. Kf2 h1=Q 59. b8=Q+ Rxb8 60. Ke2 Qf3+ 61. Kd2 Rd8+ 62. Kc2 Qxa3 63. Kb1 Rd1+ 64. Kc2 Rh1 65. Kd2 Rh3 66. Kc2 Qa2+ 67. Kd1 a4 68. Ke1 a3 69. Kf1 Qb1+ 70. Kg2 Qf5 71. Kf2 a2 72. Kg2 a1=Q 73. Kf2 Qa2+ 74. Kf1 Qd3+ 75. Kg1 Rg3+ 76. Kh1 Qg2# 0-1

[Event "1st FIDE OWCCCC Pools-East 2021"]
[Site "Online"]
[Date "2021.02.20"]
[Round "4.80"]
[White "Kavya M Rao"]
[Black "Castaneda, Laura"]
[Result "0-1"]
[WhiteElo "1362"]
[BlackElo "499"]
[Annotator "NA"]
[PlyCount "82"]
[EventDate "2021.02.19"]
[EventType "team-tourn"]
[EventCountry "NET"]
[SourceTitle "playchess.com"]
[Source "ChessBase"]
[SourceQuality "1"]

1. e4 e5 2. Nf3 Bb4 3. Bc4 Nf6 4. O-O Ng4 5. d3 d6 6. Be3 h5 7. a3 Ba5 8. h3 Nxe3 9. fxe3 Bb6 10. Qd2 h4 11. Nxh4 Rxh4 12. Qe1 Nc6 13. g3 Rxh3 14. Nc3 Qg5 15. Qf2 Be6 16. Bxe6 Rxg3+ 17. Kh1 Rh3+ 18. Bxh3 Bd4 19. Nd5 Qg6 20. Nxc7+ Kd8 21. exd4 Kxc7 22. Rae1 Rh8 23. Qf3 Nxd4 24. Qf2 Rxh3+ 25. Qh2 Rxh2+ 26. Kxh2 Qh5+ 27. Kg1 Qg4+ 28. Kh2 Qh4+ 29. Kg1 Qg3+ 30. Kh1 Kc6 31. c3 Nc2 32. Re2 Ne3 33. Rfe1 Qh3+ 34. Kg1 Ng4 35. d4 exd4 36. cxd4 Kb5 37. Rc2 g5 38. a4+ Kxa4 39. Rc4+ Kb3 40. Rcc1 Qh2+ 41. Kf1 Qf2# 0-1

[Event "1st FIDE OWCCCC Pools-East 2021"]
[Site "Online"]
[Date "2021.02.20"]
[Round "5.1"]
[White "Jakovenko, Dmitry"]
[Black "Meier, Georg"]
[Result "1/2-1/2"]
[WhiteElo "2684"]
[BlackElo "2628"]
[Annotator "TA"]
[PlyCount "41"]
[EventDate "2021.02.19"]
[EventType "team-tourn"]
[EventCountry "NET"]
[SourceTitle "playchess.com"]
[Source "ChessBase"]
[SourceQuality "1"]

1. Nf3 d5 2. e3 Nf6 3. c4 c6 4. Nc3 g6 5. d4 Bg7 6. Be2 O-O 7. O-O Bg4 8. b3 e6 9. Bb2 Nbd7 10. h3 Bxf3 11. Bxf3 Re8 12. Qc2 Qe7 13. Rfe1 a6 14. Rad1 Rad8 15. g3 Nb6 16. Qe2 Qb4 17. c5 Nbd7 18. Qd2 e5 19. Rb1 Qa5 20. Bg2 Qc7 21. b4 1/2-1/2

[Event "1st FIDE OWCCCC Pools-East 2021"]
[Site "Online"]
[Date "2021.02.20"]
[Round "5.1"]
[White "Korobov, Anton"]
[Black "Burg, Twan"]
[Result "1-0"]
[WhiteElo "2683"]
[BlackElo "2514"]
[Annotator "TA"]
[PlyCount "73"]
[EventDate "2021.02.19"]
[EventType "team-tourn"]
[EventCountry "NET"]
[SourceTitle "playchess.com"]
[Source "ChessBase"]
[SourceQuality "1"]

1. d4 d5 2. c4 e6 3. Nc3 a6 4. c5 e5 5. dxe5 d4 6. Ne4 Nc6 7. Nf3 Qd5 8. Ng3 Nxe5 9. e4 Nxf3+ 10. Qxf3 Qxc5 11. Bd2 Qb6 12. Bc4 Be6 13. Bxe6 Qxe6 14. O-O Ne7 15. Rfc1 Nc6 16. Nh5 O-O-O 17. Nf4 Qd7 18. b4 d3 19. Rab1 Nd4 20. Qxd3 Qg4 21. Kh1 Ne2 22. Nd5 Nxc1 23. Rxc1 Bd6 24. f3 Qe6 25. b5 axb5 26. Qxb5 Kb8 27. Rb1 Qc8 28. Be3 c5 29. a4 Qd7 30. Qa5 f5 31. e5 Qc6 32. exd6 Qxd5 33. Bxc5 Rhe8 34. Qc7+ Ka8 35. Qa5+ Kb8 36. Ba7+ Ka8 37. Qxd5 1-0

[Event "1st FIDE OWCCCC Pools-East 2021"]
[Site "Online"]
[Date "2021.02.20"]
[Round "5.1"]
[White "Ismagambetov, Anuar"]
[Black "Cerveny, Martin"]
[Result "1-0"]
[WhiteElo "2520"]
[BlackElo "2411"]
[Annotator "ChessBase"]
[PlyCount "103"]
[EventDate "2021.02.19"]
[EventType "team-tourn"]
[EventCountry "NET"]
[SourceTitle "playchess.com"]
[Source "ChessBase"]
[SourceQuality "1"]

1. e4 c5 2. Nf3 d6 3. d4 cxd4 4. Nxd4 Nf6 5. Nc3 a6 6. Bg5 e6 7. f4 Qc7 8. Qf3 b5 9. Bxf6 gxf6 10. O-O-O b4 11. Nce2 h5 12. Kb1 Bb7 13. Qe3 Nd7 14. Nc1 d5 15. Bd3 Nc5 16. exd5 Bxd5 17. Rhe1 O-O-O 18. Bf1 f5 19. Ncb3 Bb7 20. Nd2 Bg7 21. Nc4 Rd5 22. Nb3 Rhd8 23. Rxd5 Rxd5 24. g3 Kb8 25. Bg2 Ne4 26. Bf1 a5 27. Nb6 Rd6 28. Nc4 Rd5 29. Nbd2 Nxd2+ 30. Nxd2 a4 31. Bg2 Rc5 32. Bxb7 Kxb7 33. Rc1 Qc6 34. Qe2 a3 35. Nb3 Rd5 36. c4 bxc3 37. bxc3 Ka7 38. Qxh5 Rd7 39. Qe2 Rb7 40. Qe3+ Ka8 41. Rd1 Kb8 42. Kc2 Kc7 43. h4 Bf6 44. h5 Kb8 45. h6 Qg2+ 46. Rd2 Qh1 47. Qd3 Qxh6 48. Qd6+ Rc7 49. Nc5 Kc8 50. Qa6+ Kb8 51. Qb5+ Kc8 52. Qe8+ 1-0

[Event "1st FIDE OWCCCC Pools-East 2021"]
[Site "Online"]
[Date "2021.02.20"]
[Round "5.1"]
[White "Bregadze, Levan"]
[Black "Iljushin, Alexei"]
[Result "1/2-1/2"]
[WhiteElo "2454"]
[BlackElo "2461"]
[Annotator "ChessBase"]
[PlyCount "83"]
[EventDate "2021.02.19"]
[EventType "team-tourn"]
[EventCountry "NET"]
[SourceTitle "playchess.com"]
[Source "ChessBase"]
[SourceQuality "1"]

1. d4 e6 2. e4 d5 3. e5 c5 4. c3 Qb6 5. Nf3 Nc6 6. Bd3 cxd4 7. O-O Bd7 8. Nbd2 h6 9. Nb3 dxc3 10. bxc3 Nge7 11. Qe2 Nf5 12. Rd1 Be7 13. Bxf5 exf5 14. Rxd5 Be6 15. Rb5 Qc7 16. Nc5 Bxc5 17. Rxc5 O-O 18. Ba3 b6 19. Rb5 Rfd8 20. Bd6 Qb7 21. Nd4 Nxd4 22. cxd4 Rac8 23. Rb2 Bd5 24. f3 Rc3 25. Rc2 Rdc8 26. Rac1 Rxc2 27. Rxc2 Rxc2 28. Qxc2 Be6 29. a3 Qd5 30. Qc3 b5 31. h4 a5 32. Kh2 b4 33. axb4 a4 34. b5 Qxb5 35. Ba3 Qe2 36. d5 Bxd5 37. Qc8+ Kh7 38. Qxf5+ Kg8 39. Qc8+ Kh7 40. Qf5+ Kg8 41. Qc8+ Kh7 42. Qf5+ 1/2-1/2

[Event "1st FIDE OWCCCC Pools-East 2021"]
[Site "Online"]
[Date "2021.02.20"]
[Round "5.1"]
[White "Lanchava, Tea"]
[Black "Batchuluun, Tsegmed"]
[Result "0-1"]
[WhiteElo "2214"]
[BlackElo "2536"]
[Annotator "ChessBase"]
[PlyCount "68"]
[EventDate "2021.02.19"]
[EventType "team-tourn"]
[EventCountry "NET"]
[SourceTitle "playchess.com"]
[Source "ChessBase"]
[SourceQuality "1"]

1. c4 e5 2. Nc3 Nf6 3. g3 d5 4. cxd5 Nxd5 5. Bg2 Nb6 6. Nf3 Nc6 7. O-O Be7 8. a3 O-O 9. b4 Be6 10. Rb1 f6 11. d3 a5 12. b5 Nd4 13. Nxd4 exd4 14. Ne4 f5 15. Nd2 Nd5 16. Bb2 Nc3 17. Bxc3 dxc3 18. Nb3 a4 19. Na1 Bxa3 20. Bxb7 Bb2 21. Bxa8 Qxa8 22. Qc2 a3 23. e4 f4 24. f3 fxg3 25. hxg3 Qa5 26. f4 Qxb5 27. f5 Bf7 28. Rbe1 Rd8 29. e5 Rxd3 30. e6 Be8 31. f6 gxf6 32. Qf2 Qg5 33. Kh2 Bc6 34. Rh1 Qh5+ 0-1

[Event "1st FIDE OWCCCC Pools-East 2021"]
[Site "Online"]
[Date "2021.02.20"]
[Round "5.1"]
[White "Brylski, Pawel"]
[Black "Nepomniachtchi, Ian"]
[Result "0-1"]
[WhiteElo "1966"]
[BlackElo "2789"]
[Annotator "TA"]
[PlyCount "94"]
[EventDate "2021.02.19"]
[EventType "team-tourn"]
[EventCountry "NET"]
[SourceTitle "playchess.com"]
[Source "ChessBase"]
[SourceQuality "1"]

1. e4 c5 2. a3 g6 3. c3 d5 4. exd5 Qxd5 5. Nf3 Bg7 6. Bb5+ Bd7 7. Bxd7+ Nxd7 8. O-O c4 9. Re1 Nc5 10. d4 cxd3 11. Nbd2 Nh6 12. b4 Ne6 13. Bb2 Qh5 14. Ne4 O-O-O 15. Re3 Nf5 16. Rxd3 Nf4 17. Rxd8+ Rxd8 18. Qb3 Qg4 19. Ng3 Nd6 20. Rd1 Qe6 21. Qa4 a6 22. b5 Qc4 23. Qxc4+ Nxc4 24. Rxd8+ Kxd8 25. Bc1 Nd3 26. Be3 axb5 27. Nd4 Nxa3 28. Kf1 Ne5 29. Ne4 Nc6 30. Nc5 Kc8 31. Ke2 Nxd4+ 32. Bxd4 Bxd4 33. cxd4 Nc4 34. Kd3 Kc7 35. Kc3 Kc6 36. Kb4 Nd6 37. f3 Nf5 38. Kc3 Kd5 39. Nd3 Ne3 40. Nb4+ Kd6 41. g3 Nd5+ 42. Kb3 Nxb4 43. Kxb4 Kd5 44. Kxb5 Kxd4 45. Kb6 e5 46. Kxb7 f5 47. Kc6 e4 0-1

[Event "1st FIDE OWCCCC Pools-East 2021"]
[Site "Online"]
[Date "2021.02.20"]
[Round "5.2"]
[White "Delorme, Axel"]
[Black "Kretov, Evgenij"]
[Result "0-1"]
[WhiteElo "2480"]
[BlackElo "2269"]
[Annotator "ChessBase"]
[PlyCount "114"]
[EventDate "2021.02.19"]
[EventType "team-tourn"]
[EventCountry "NET"]
[SourceTitle "playchess.com"]
[Source "ChessBase"]
[SourceQuality "1"]

1. e4 c5 2. Nf3 Nc6 3. Bb5 a6 4. Bxc6 dxc6 5. d3 Qc7 6. O-O e5 7. a3 Bd6 8. Nh4 Ne7 9. Nd2 O-O 10. Nc4 Be6 11. Kh1 f6 12. Qe2 b5 13. Nxd6 Qxd6 14. b4 a5 15. bxc5 Qxc5 16. Be3 Qd6 17. f4 exf4 18. Bxf4 Qd7 19. Nf3 Ng6 20. Be3 Qd6 21. Qf2 Rfb8 22. Bc5 Qd7 23. Qe3 Re8 24. Qd4 Nf8 25. Qc3 Ng6 26. Rf2 Bf7 27. Raf1 Nf4 28. Nd4 Ne6 29. Nf5 Nxc5 30. Qxc5 Bg6 31. Qc3 Rf8 32. g4 h6 33. Qc5 Rfe8 34. Qc3 Rf8 35. h3 a4 36. Ng3 Rae8 37. Ne2 Bf7 38. Ng3 Bg6 39. Ne2 Bf7 40. Rf5 Rc8 41. Rc5 Qd6 42. Nd4 Bc4 43. Rcf5 c5 44. Ne2 Be6 45. R5f3 b4 46. Qb2 Rb8 47. Ng3 c4 48. axb4 cxd3 49. cxd3 Qxb4 50. Qxb4 Rxb4 51. Ra1 Ra8 52. Ne2 a3 53. Nc3 Rb3 54. d4 Rc8 55. d5 Bd7 56. Rc1 a2 57. Kg2 Rcxc3 0-1

[Event "1st FIDE OWCCCC Pools-East 2021"]
[Site "Online"]
[Date "2021.02.20"]
[Round "5.2"]
[White "Jirka, Jiri"]
[Black "_ERG_Mazunin"]
[Result "0-1"]
[WhiteElo "2392"]
[BlackElo "2097"]
[Annotator "NA"]
[PlyCount "116"]
[EventDate "2021.02.19"]
[EventType "team-tourn"]
[EventCountry "NET"]
[SourceTitle "playchess.com"]
[Source "ChessBase"]
[SourceQuality "1"]

1. d4 c5 2. d5 d6 3. c4 g6 4. g3 Bg7 5. Bg2 h6 6. Nf3 e6 7. O-O Ne7 8. e4 O-O 9. Nc3 e5 10. Ne1 Nd7 11. f4 exf4 12. gxf4 f5 13. Nd3 fxe4 14. Nxe4 Nf6 15. Kh1 Nf5 16. Ndf2 Bd7 17. Rg1 Nh4 18. Qf1 Qe7 19. Ng3 Rae8 20. Bd2 Ng4 21. Re1 Qf7 22. Nfe4 Nf5 23. Nxf5 Qxf5 24. Nxd6 Rxe1 25. Bxe1 Qh5 26. h3 Be5 27. Bf3 Nf2+ 28. Bxf2 Qxf3+ 29. Qg2 Qxg2+ 30. Rxg2 Rxf4 31. Nxb7 Bxh3 32. Rxg6+ Kh7 33. Rg3 Bc8 34. Be3 Rh4+ 35. Kg2 Bxg3 36. Kxg3 Rh3+ 37. Kf4 Bxb7 38. d6 Bc6 39. Bxc5 Rh4+ 40. Ke5 Rxc4 41. Bxa7 Ra4 42. Bc5 Rxa2 43. Bd4 Ra5+ 44. Ke6 Rd5 45. Bc3 Rd3 46. Ke7 h5 47. Bf6 Kg6 48. Bh4 Kf5 49. b4 Kg4 50. Bf6 h4 51. Be5 h3 52. Kd8 Kf3 53. Kc7 Ba4 54. Kb6 Rd5 55. Bh2 Kg2 56. Bf4 h2 57. Bxh2 Kxh2 58. Kc7 Kg3 0-1

[Event "1st FIDE OWCCCC Pools-East 2021"]
[Site "Online"]
[Date "2021.02.20"]
[Round "5.2"]
[White "Kadatsky, Alexander"]
[Black "Furtak, Joanna"]
[Result "1-0"]
[WhiteElo "2368"]
[BlackElo "1868"]
[Annotator "NA"]
[PlyCount "57"]
[EventDate "2021.02.19"]
[EventType "team-tourn"]
[EventCountry "NET"]
[SourceTitle "playchess.com"]
[Source "ChessBase"]
[SourceQuality "1"]

1. e4 c5 2. Nf3 Nc6 3. Bb5 g6 4. O-O Bg7 5. Re1 e5 6. Bxc6 dxc6 7. d3 b6 8. a4 Ne7 9. a5 Bb7 10. Be3 h6 11. Nbd2 O-O 12. Nc4 Qc7 13. Qd2 Kh7 14. Qc3 f6 15. Qb3 Nc8 16. a6 Bxa6 17. Rxa6 b5 18. Ncd2 Qb7 19. Rea1 Nb6 20. Bxc5 Rfd8 21. h4 Rdb8 22. Bxb6 axb6 23. Rxa8 Rxa8 24. Rxa8 Qxa8 25. g3 Qa1+ 26. Kg2 Qd1 27. Nf1 g5 28. Ne3 Qc1 29. Qf7 1-0

[Event "1st FIDE OWCCCC Pools-East 2021"]
[Site "Online"]
[Date "2021.02.20"]
[Round "5.2"]
[White "Lkhagvasuren, Zolboo"]
[Black "vmaric"]
[Result "0-1"]
[WhiteElo "1888"]
[BlackElo "1957"]
[Annotator "NA"]
[PlyCount "72"]
[EventDate "2021.02.19"]
[EventType "team-tourn"]
[EventCountry "NET"]
[SourceTitle "playchess.com"]
[Source "ChessBase"]
[SourceQuality "1"]

1. e4 c5 2. Nf3 d6 3. d4 cxd4 4. Nxd4 Nf6 5. Nc3 g6 6. Be3 Bg7 7. f3 O-O 8. Bc4 Nc6 9. Qd2 Bd7 10. O-O-O Rc8 11. Bb3 Ne5 12. g4 Nc4 13. Bxc4 Rxc4 14. h4 h5 15. gxh5 Nxh5 16. Kb1 b5 17. f4 b4 18. Nd5 e6 19. Nxb4 a5 20. Na6 Qa8 21. Qxa5 Ra4 22. Qd2 Rxa6 23. f5 Qxe4 24. fxg6 fxg6 25. Rhe1 Qd5 26. Qd3 Qxa2+ 27. Kc1 Qa1+ 28. Kd2 Qa5+ 29. c3 Kh7 30. Rg1 Rf5 31. Nxf5 Qxf5 32. Qxa6 Bb5 33. Qxd6 Nf6 34. Bd4 Ne4+ 35. Kc1 Nxd6 36. Bxg7 Qf4+ 0-1

[Event "1st FIDE OWCCCC Pools-East 2021"]
[Site "Online"]
[Date "2021.02.20"]
[Round "5.2"]
[White "Karaia, Alika"]
[Black "Vasilov, Artur"]
[Result "1-0"]
[WhiteElo "1523"]
[BlackElo "2266"]
[Annotator "NA"]
[PlyCount "105"]
[EventDate "2021.02.19"]
[EventType "team-tourn"]
[EventCountry "NET"]
[SourceTitle "playchess.com"]
[Source "ChessBase"]
[SourceQuality "1"]

1. e4 c6 2. Nf3 d5 3. d3 dxe4 4. dxe4 Qxd1+ 5. Kxd1 Bg4 6. Be2 Nd7 7. Ne1 Bxe2+ 8. Kxe2 Ngf6 9. Nd2 e5 10. Nd3 Bd6 11. f3 Bc7 12. a4 Nf8 13. Nc4 N6d7 14. Be3 Ne6 15. c3 f6 16. Rhd1 Ke7 17. a5 g5 18. Nb4 a6 19. Nd3 h5 20. b4 Rhd8 21. Bf2 Nf4+ 22. Nxf4 exf4 23. Nb2 Ne5 24. Na4 Rxd1 25. Rxd1 Bd6 26. Bc5 Rd8 27. Bb6 Rd7 28. Bd4 Nc4 29. Kd3 Ne5+ 30. Kc2 Bc7 31. Nc5 Bd8 32. Nxd7 Nxd7 33. Kb3 Bc7 34. c4 Ke6 35. Bc3 g4 36. b5 gxf3 37. gxf3 Nf8 38. bxa6 bxa6 39. Kc2 Nd7 40. Rg1 Kf7 41. Rb1 Nc5 42. Bd4 Ne6 43. Bb6 Be5 44. Bf2 Ke7 45. Rb6 Kd8 46. Rxc6 Kd7 47. Rxa6 Ng5 48. Ra7+ Kc6 49. a6 Nxf3 50. Re7 Bd4 51. a7 Bxa7 52. Rxa7 Ne5 53. Ra6+ 1-0

[Event "1st FIDE OWCCCC Pools-East 2021"]
[Site "Online"]
[Date "2021.02.20"]
[Round "5.3"]
[White "Krasenkow, Michal"]
[Black "Lavrov, Maxim"]
[Result "0-1"]
[WhiteElo "2597"]
[BlackElo "2401"]
[Annotator "ChessBase"]
[PlyCount "68"]
[EventDate "2021.02.19"]
[EventType "team-tourn"]
[EventCountry "NET"]
[SourceTitle "playchess.com"]
[Source "ChessBase"]
[SourceQuality "1"]

1. c4 Nf6 2. Nc3 g6 3. e4 d6 4. d4 Bg7 5. Nf3 O-O 6. h3 e5 7. d5 a5 8. Be3 Na6 9. g4 c6 10. Qd2 Nc5 11. Bxc5 dxc5 12. O-O-O cxd5 13. cxd5 Ne8 14. d6 Be6 15. g5 a4 16. Bb5 a3 17. b3 Qb6 18. Bxe8 Rfxe8 19. Nd5 Bxd5 20. Qxd5 c4 21. d7 Red8 22. Rd2 cxb3 23. Qxb3 Qc7+ 24. Kb1 Rxd7 25. Rc1 Qd8 26. Rcd1 Rxd2 27. Rxd2 Qc8 28. Ne1 Qc6 29. f3 Bf8 30. Nc2 Ra6 31. Ka1 Rb6 32. Qd3 Rb2 33. h4 Qb6 34. Rd1 Rxa2+ 0-1

[Event "1st FIDE OWCCCC Pools-East 2021"]
[Site "Online"]
[Date "2021.02.20"]
[Round "5.3"]
[White "Myshakov, Fedor"]
[Black "Ratsma, Rosa"]
[Result "1/2-1/2"]
[WhiteElo "2361"]
[BlackElo "2306"]
[Annotator "NA"]
[PlyCount "101"]
[EventDate "2021.02.19"]
[EventType "team-tourn"]
[EventCountry "NET"]
[SourceTitle "playchess.com"]
[Source "ChessBase"]
[SourceQuality "1"]

1. c4 Nf6 2. Nc3 e6 3. Nf3 d5 4. cxd5 exd5 5. d4 c6 6. Qc2 g6 7. Bg5 Be7 8. e3 Bf5 9. Bd3 Bxd3 10. Qxd3 Nbd7 11. h3 a5 12. Bh6 Bf8 13. Bxf8 Kxf8 14. O-O Kg7 15. Rac1 Re8 16. Na4 Ne4 17. Nd2 b5 18. Nc3 Nxd2 19. Qxd2 a4 20. a3 Nb6 21. Na2 Nc4 22. Qc2 Qg5 23. Nb4 Re6 24. Rce1 Rae8 25. Nd3 Qf5 26. Rc1 R6e7 27. Ne5 Qxc2 28. Rxc2 Rc7 29. Nd3 h5 30. Re1 f5 31. Rce2 Kf6 32. f4 g5 33. Ne5 g4 34. Kh2 Rh8 35. Rc1 Ke6 36. g3 Kf6 37. Rcc2 Ke6 38. Re1 Kf6 39. Rce2 Ke6 40. Rg1 Kf6 41. h4 Ke6 42. Rc1 Kf6 43. Kg2 Ke6 44. Kf2 Kf6 45. Nd3 Re8 46. Ne5 Rb8 47. Rc3 Rb6 48. Rec2 Rb8 49. Re2 Rb6 50. Nd3 Rb8 51. Ne5 1/2-1/2

[Event "1st FIDE OWCCCC Pools-East 2021"]
[Site "Online"]
[Date "2021.02.20"]
[Round "5.3"]
[White "Komendatyan, Artyom"]
[Black "Klek, Hanna Marie"]
[Result "0-1"]
[WhiteElo "2195"]
[BlackElo "2302"]
[Annotator "NA"]
[PlyCount "116"]
[EventDate "2021.02.19"]
[EventType "team-tourn"]
[EventCountry "NET"]
[SourceTitle "playchess.com"]
[Source "ChessBase"]
[SourceQuality "1"]

1. c4 Nf6 2. Nc3 g6 3. e4 d6 4. d4 Bg7 5. f3 O-O 6. Be3 a6 7. Qd2 Nbd7 8. Bd3 c6 9. Bh6 b5 10. Nge2 e5 11. Bxg7 Kxg7 12. d5 bxc4 13. Bxc4 Nb6 14. Bb3 cxd5 15. Nxd5 Nfxd5 16. Bxd5 Nxd5 17. Qxd5 Be6 18. Qd2 d5 19. exd5 Qxd5 20. Qxd5 Bxd5 21. Nc3 Be6 22. O-O-O Rfc8 23. Rhe1 Rc5 24. Kb1 Rb8 25. Ka1 h5 26. Re4 Bf5 27. Ra4 Bc2 28. Re1 Rxc3 29. Rxa6 Rc5 30. Rc1 Rbc8 31. b4 R5c7 32. b5 Bd3 33. Rxc7 Rxc7 34. a4 f5 35. Kb2 e4 36. fxe4 fxe4 37. Re6 Kf7 38. Re5 Kf6 39. Re8 Kf5 40. b6 Rd7 41. Kc3 Ba6 42. a5 Kf4 43. Rf8+ Ke3 44. Ra8 Bb7 45. Ra7 Kf2 46. a6 Rd3+ 47. Kc2 Bxa6 48. Rxa6 Rd8 49. b7 Rb8 50. Rf6+ Ke2 51. Rxg6 Rxb7 52. Kc3 e3 53. Rg5 Kd1 54. Rd5+ Ke1 55. Rxh5 e2 56. Rf5 Rc7+ 57. Kd3 Kd1 58. Re5 Rd7+ 0-1

[Event "1st FIDE OWCCCC Pools-East 2021"]
[Site "Online"]
[Date "2021.02.20"]
[Round "5.3"]
[White "Liefrink, Feike"]
[Black "Munguntuul, Batkhuyag"]
[Result "0-1"]
[WhiteElo "1891"]
[BlackElo "2428"]
[Annotator "NA"]
[PlyCount "88"]
[EventDate "2021.02.19"]
[EventType "team-tourn"]
[EventCountry "NET"]
[SourceTitle "playchess.com"]
[Source "ChessBase"]
[SourceQuality "1"]

1. Nc3 d5 2. e4 dxe4 3. Nxe4 Bf5 4. Ng3 Bg6 5. Nf3 h6 6. Ne5 Qd6 7. d4 Nd7 8. Nxg6 Qxg6 9. Bd3 Qe6+ 10. Qe2 Qxe2+ 11. Bxe2 Ngf6 12. Bf3 O-O-O 13. O-O e6 14. Re1 Nb6 15. c3 Bd6 16. Ne4 Nxe4 17. Bxe4 c6 18. g3 Rhe8 19. Bg2 e5 20. dxe5 Bxe5 21. Be3 Nc4 22. Bxa7 Nxb2 23. Bh3+ Kc7 24. Be3 Bxc3 25. Bf4+ Kb6 26. Rxe8 Rxe8 27. Rb1 Ka6 28. Rc1 Bf6 29. Be3 Rd8 30. Bf1+ Ka5 31. Rc2 Rd1 32. Kg2 Ka4 33. Bb6 Nd3 34. Rc4+ Kb5 35. Be2 Rd2 36. Bxd3 Rxd3 37. Rc1 Kxb6 38. Rb1+ Kc7 39. a4 Ra3 40. Rb4 Ra2 41. Re4 c5 42. Kf1 Kc6 43. h4 Kd5 44. Rg4 c4 0-1

[Event "1st FIDE OWCCCC Pools-East 2021"]
[Site "Online"]
[Date "2021.02.20"]
[Round "5.3"]
[White "_ERG_Sannikov"]
[Black "Studnicka, Tomas"]
[Result "1-0"]
[WhiteElo "1868"]
[BlackElo "2351"]
[Annotator "NA"]
[PlyCount "109"]
[EventDate "2021.02.19"]
[EventType "team-tourn"]
[EventCountry "NET"]
[SourceTitle "playchess.com"]
[Source "ChessBase"]
[SourceQuality "1"]

1. d4 Nf6 2. Nf3 d5 3. e3 e6 4. c4 c6 5. Nc3 Bd6 6. Qc2 Nbd7 7. Be2 O-O 8. O-O Qe7 9. Rd1 b6 10. e4 dxe4 11. Nxe4 Nxe4 12. Qxe4 Bb7 13. Ng5 Nf6 14. Qh4 h6 15. Nf3 c5 16. g4 Ne4 17. g5 f5 18. gxh6 Qxh4 19. Nxh4 g5 20. Nf3 g4 21. Ng5 Rf6 22. d5 exd5 23. cxd5 Nxg5 24. Bxg5 Rg6 25. Bc1 Re8 26. Bd3 Bc8 27. a4 a5 28. Bd2 Be5 29. Re1 Kf7 30. Bc3 Bxc3 31. bxc3 Rxh6 32. Rxe8 Kxe8 33. Re1+ Kd8 34. Kg2 Rh3 35. Bb5 Rxc3 36. Re8+ Kc7 37. d6+ Kxd6 38. Rxc8 Kd5 39. Rc6 Rb3 40. Rxb6 c4 41. Rf6 Rf3 42. Rc6 c3 43. Rc8 Kd4 44. Rc4+ Kd5 45. h4 Rh3 46. h5 Ke5 47. Rc6 f4 48. h6 f3+ 49. Kg1 Kf4 50. Rxc3 Rxh6 51. Rc4+ Kg5 52. Bd7 Rh4 53. Rc5+ Kf4 54. Rxa5 g3 55. Rf5+ 1-0

[Event "1st FIDE OWCCCC Pools-East 2021"]
[Site "Online"]
[Date "2021.02.20"]
[Round "5.4"]
[White "Olsarova, Karolina"]
[Black "_ERG_Sakenova"]
[Result "1-0"]
[WhiteElo "2290"]
[BlackElo "2020"]
[Annotator "TA"]
[PlyCount "129"]
[EventDate "2021.02.19"]
[EventType "team-tourn"]
[EventCountry "NET"]
[SourceTitle "playchess.com"]
[Source "ChessBase"]
[SourceQuality "1"]

1. e4 c5 2. Nf3 Nc6 3. Bb5 a6 4. Bxc6 dxc6 5. d3 Nf6 6. h3 Qc7 7. Be3 e5 8. O-O Bd6 9. Nbd2 b5 10. a4 O-O 11. Nb3 Qe7 12. Na5 Qc7 13. Nb3 Qe7 14. Bg5 h6 15. Bh4 Be6 16. Nbd2 g5 17. Bg3 Bd7 18. Nh2 Kg7 19. Qe2 Rh8 20. Rfe1 Kg6 21. Ndf1 Nh5 22. Ne3 Nf4 23. Bxf4 exf4 24. Nf5 Qe6 25. Qg4 h5 26. Qf3 Qe5 27. g3 fxg3 28. fxg3 f6 29. Kg2 Rhe8 30. Rf1 Bxf5 31. Qxf5+ Kg7 32. Qxe5 Bxe5 33. Ra2 bxa4 34. Nf3 Rab8 35. Nxe5 Rxe5 36. Rb1 c4 37. Rxa4 cxd3 38. cxd3 Reb5 39. Rxa6 Rxb2+ 40. Rxb2 Rxb2+ 41. Kf3 Rc2 42. h4 Kg6 43. hxg5 Kxg5 44. Ra5+ Kg6 45. d4 Rc4 46. Ke3 Rc3+ 47. Kf4 Rd3 48. Ra4 Rd1 49. Rc4 Rf1+ 50. Ke3 Rg1 51. Kf2 Rd1 52. Ke2 Rg1 53. Kf3 Rd1 54. Ke2 Rg1 55. Rxc6 Rxg3 56. Rc8 Kf7 57. Rh8 Rg4 58. Kf3 Rg5 59. d5 Re5 60. Kf4 Ke7 61. Rh7+ Kd6 62. Rf7 f5 63. Rxf5 Rxf5+ 64. Kxf5 h4 65. Kg4 1-0

[Event "1st FIDE OWCCCC Pools-East 2021"]
[Site "Online"]
[Date "2021.02.20"]
[Round "5.4"]
[White "Agrest, Inna"]
[Black "Rjanova, Valery"]
[Result "0-1"]
[WhiteElo "2285"]
[BlackElo "2178"]
[Annotator "NA"]
[PlyCount "84"]
[EventDate "2021.02.19"]
[EventType "team-tourn"]
[EventCountry "NET"]
[SourceTitle "playchess.com"]
[Source "ChessBase"]
[SourceQuality "1"]

1. e4 c5 2. Nf3 d6 3. d4 cxd4 4. Nxd4 Nf6 5. Nc3 g6 6. Be3 Bg7 7. f3 O-O 8. Qd2 Nc6 9. Bc4 Bd7 10. Bb3 Rc8 11. h4 h5 12. O-O-O Ne5 13. Bh6 Kh7 14. Bxg7 Kxg7 15. g4 hxg4 16. h5 Nxh5 17. Rdg1 Rh8 18. f4 Nc4 19. Bxc4 Rxc4 20. f5 Nf6 21. Qd3 b5 22. fxg6 fxg6 23. Ncxb5 Rc5 24. Nc3 Rch5 25. Rxh5 Rxh5 26. Nde2 Qb6 27. Kb1 Rh3 28. Qd1 Qe3 29. Nd5 Nxd5 30. exd5 g3 31. a3 Bg4 32. Qd4+ Qxd4 33. Nxd4 Kf6 34. Ka2 Ke5 35. c3 Kf4 36. Rf1+ Ke3 37. Re1+ Kf2 38. Rxe7 g2 39. Rf7+ Kg3 40. Ne6 Bxe6 41. dxe6 g1=Q 42. e7 Qe3 0-1